Groups of 1-10 (History) - Statistics

General Stats
  • This quiz has been taken 90 times
  • The average score is 24 of 55
Answer Stats
Hint Answer % Correct
5 Native Languages Total of all Popes Spanish
91%
4 Founding Fathers of the US George Washington
89%
8 Unique Names of Achaemenid Monarchs Xerxes (I, II)
89%
5 Native Languages Total of All Popes English
87%
5 Native Languages Total of all Popes Italian
86%
6 Wives of Henry VIII Anne Boleyn
82%
4 Founding Fathers of the US Thomas Jefferson
82%
6 Wives of Henry VIII Anne of Cleves
79%
4 Founding Fathers of the US John Adams
76%
7 Original Confederate States Alabama
75%
7 Original Confederate States Georgia
75%
1 Surviving Human Species Homo Sapiens
74%
6 Wives of Henry VIII Catherine of Aragon
72%
6 Wives of Henry VIII Catherine Parr
72%
5 Native Languages Total of all Popes German
72%
7 Original Confederate States Texas
72%
2 People Involved in the First Murder Abel
71%
2 People Involved in the First Murder Cain
71%
7 Original Confederate States Florida
71%
7 Original Confederate States Mississippi
71%
6 Wives of Henry VIII Catherine Howard
70%
7 Original Confederate States Louisiana
67%
7 Original Confederate States South Carolina
66%
3 Members of the First Triumvirate Julius Caesar
61%
6 Wives of Henry VIII Jane Seymour
57%
5 Native Languages Total of all Popes Polish
57%
10 Plagues of Egypt Locusts
49%
4 Founding Fathers of the US James Madison
46%
9 Original Gods of Ancient Egypt Isis
42%
10 Plagues of Egypt Blood
33%
9 Original Gods of Ancient Egypt Osiris
32%
8 Unique Names of Achaemenid Monarchs Darius (the Great, II, III)
30%
3 Members of the First Triumvirate Pompey the Great
30%
8 Unique Names of Achaemenid Monarchs Cyrus (the Great)
26%
10 Plagues of Egypt Firstborn
24%
10 Plagues of Egypt Frogs
24%
10 Plagues of Egypt Boils
22%
10 Plagues of Egypt Darkness
18%
10 Plagues of Egypt Flies
18%
3 Members of the First Triumvirate Marcus Licinius Crassus
17%
9 Original Gods of Ancient Egypt Seth
13%
8 Unique Names of Achaemenid Monarchs Artaxerxes (I, II, III)
12%
10 Plagues of Egypt Hail
11%
10 Plagues of Egypt Livestock
11%
9 Original Gods of Ancient Egypt Nut
8%
9 Original Gods of Ancient Egypt Shu
8%
10 Plagues of Egypt Gnats
7%
8 Unique Names of Achaemenid Monarchs Cambyses (II)
5%
9 Original Gods of Ancient Egypt Geb
5%
8 Unique Names of Achaemenid Monarchs Bardiya
4%
9 Original Gods of Ancient Egypt Tefnut
4%
9 Original Gods of Ancient Egypt Atum
3%
9 Original Gods of Ancient Egypt Nephthys
3%
8 Unique Names of Achaemenid Monarchs Sogdianus
3%
8 Unique Names of Achaemenid Monarchs Arses
1%
No matching quizzes found
Score Distribution
Percent of People with Each Score
Percentile by Number Answered
Your Score History
You have not taken this quiz